[Event "FRA-chT2"]
[Site "France"]
[Date "2002.03.09"]
[Round "8"]
[White "Gollain, Marc"]
[Black "Delebarre, Xavier"]
[Result "0-1"]
[WhiteElo "2204"]
[BlackElo "2296"]
[PlyCount "66"]
[EventDate "2002.??.??"]
[EventType "team"]
[EventRounds "11"]
[EventCountry "FRA"]
[SourceTitle "EXT 2003"]
[Source "ChessBase"]
[SourceDate "2002.11.25"]
[SourceVersion "1"]
[SourceVersionDate "2002.11.25"]
[SourceQuality "1"]
[WhiteTeam "Bagneux"]
[BlackTeam "Bordeaux Echecs I"]
[WhiteTeamCountry "FRA"]
[BlackTeamCountry "FRA"]

1. e4 c5 2. Nf3 g6 3. d4 Bg7 4. Nc3 Qa5 5. Bd2 cxd4 6. Nd5 Qd8 7. Bf4 d6 8. Nxd4 a6 9. Bg5 Nc6 10. c3 h6 11. Bh4 g5 12. Bg3 Nxd4 13. cxd4 e6 14. Ne3 Qa5+ 15. Qd2 Qxd2+ 16. Kxd2 Bxd4 17. Bxd6 Nf6 18. Bd3 Bd7 19. f3 Bc6 20. Nc2 Bb6 21. Ke2 Rd8 22. Ba3 Nh5 23. g3 g4 24. Rad1 gxf3+ 25. Kxf3 f5 26. Nb4 Rxd3+ 27. Nxd3 fxe4+ 28. Kg4 Nf6+ 29. Kh3 exd3 30. Rhe1 Ne4 31. Rxd3 Nf2+ 32. Kh4 Nxd3 33. Rxe6+ Kf7 0-1

[Event "FRA-chT2"]
[Site "France"]
[Date "2002.01.??"]
[Round "6"]
[White "Heurtebize, Christophe"]
[Black "Delebarre, Xavier"]
[Result "0-1"]
[WhiteElo "2137"]
[BlackElo "2296"]
[PlyCount "65"]
[EventDate "2002.??.??"]
[EventType "team"]
[EventRounds "11"]
[EventCountry "FRA"]
[SourceTitle "EXT 2003"]
[Source "ChessBase"]
[SourceDate "2002.11.25"]
[SourceVersion "1"]
[SourceVersionDate "2002.11.25"]
[SourceQuality "1"]

1. c4 c5 2. g3 Nc6 3. Bg2 g6 4. Nc3 Bg7 5. Nf3 d6 6. 0-0 e5 7. e3 Nge7 8. b3 h6 9. Bb2 0-0 10. d3 Be6 11. Qd2 Qd7 12. d4 exd4 13. exd4 Bh3 14. dxc5 dxc5 15. Nd5 Nxd5 16. Bxg7 Kxg7 17. cxd5 Bxg2 18. Kxg2 Ne7 19. Rad1 Rad8 20. Qc3+ f6 21. Qxc5 b6 22. Qc4 Qb7 23. Rd4 Rxd5 24. Re1 Rxd4 25. Qxd4 Nf5 26. Qd3 Rf7 27. Kg1 Rd7 28. Qc3 h5 29. Ng5 Nd4 30. Ne4 Qd5 31. Qe3 Re7 32. f4 f5 33. Rc1 0-1

[Event "Paris-ch op"]
[Site "Paris"]
[Date "2000.07.23"]
[Round "9"]
[White "Bergez, Luc"]
[Black "Delebarre, Xavier"]
[Result "1-0"]
[WhiteElo "2413"]
[BlackElo "2264"]
[PlyCount "59"]
[EventDate "2000.07.15"]
[EventType "swiss"]
[EventRounds "9"]
[EventCountry "FRA"]
[SourceTitle "EXT 2001"]
[Source "ChessBase"]
[SourceDate "2000.11.22"]
[SourceVersion "1"]
[SourceVersionDate "2000.11.22"]
[SourceQuality "1"]

1. e4 c5 2. Nf3 g6 3. c3 Bg7 4. d4 cxd4 5. cxd4 d5 6. exd5 Nf6 7. Bb5+ Nbd7 8. Nc3 0-0 9. Bxd7 Qxd7 10. Ne5 Qd6 11. Qf3 Qb4 12. 0-0 Qxd4 13. Re1 a5 14. Bf4 Ra6 15. Rad1 Qb6 16. h3 a4 17. Nd3 a3 18. b3 Nh5 19. Be3 Qd8 20. Na4 b5 21. Nac5 Rf6 22. Qe2 Rd6 23. Nb4 Bc3 24. Nc6 Qc7 25. Bh6 Re8 26. Nxe7+ Kh8 27. Nxg6+ hxg6 28. Qxe8+ Kh7 29. Re7 Qxc5 30. Be3 1-0

[Event "Paris-ch op"]
[Site "Paris"]
[Date "2000.07.20"]
[Round "6"]
[White "Leuly, Max"]
[Black "Delebarre, Xavier"]
[Result "0-1"]
[WhiteElo "2119"]
[BlackElo "2264"]
[PlyCount "138"]
[EventDate "2000.07.15"]
[EventType "swiss"]
[EventRounds "9"]
[EventCountry "FRA"]
[SourceTitle "EXT 2001"]
[Source "ChessBase"]
[SourceDate "2000.11.22"]
[SourceVersion "1"]
[SourceVersionDate "2000.11.22"]
[SourceQuality "1"]

1. d4 c5 2. d5 d6 3. c4 g6 4. Nc3 Bg7 5. e4 Nf6 6. f4 0-0 7. Nf3 e6 8. Be2 exd5 9. cxd5 Bg4 10. 0-0 Nbd7 11. h3 Bxf3 12. Bxf3 a6 13. a4 Qa5 14. g4 b5 15. Bd2 c4 16. Kg2 b4 17. Na2 Rfb8 18. Qe1 Qxa4 19. Nxb4 Qb5 20. Bc3 Re8 21. Qb1 Nb6 22. Qc2 a5 23. Nc6 a4 24. Nd4 Qc5 25. Rad1 a3 26. Nc6 axb2 27. Bd4 Qb5 28. Rb1 Na4 29. Bxb2 Nxb2 30. Rxb2 Nxg4 31. Rxb5 Ne3+ 32. Kg3 Nxc2 33. Rc1 Ra2 34. Nb4 Nxb4 35. Rxb4 c3 36. Bd1 h6 37. Bc2 Bf6 38. Kf3 Kg7 39. Bb1 Ra3 40. Bc2 g5 41. Rb6 Rd8 42. fxg5 Bxg5 43. Rg1 Kf8 44. Ke2 Rd7 45. Kd3 Ke7 46. Rf1 Bf6 47. Rfb1 Be5 48. Rg1 Rc7 49. Rb8 Ra2 50. Rf1 Rca7 51. Rg1 Ra1 52. Rxa1 Rxa1 53. Rb1 Ra8 54. Rg1 Rb8 55. Kc4 Rb2 56. Rg2 Kd8 57. Rf2 Ke7 58. Kd3 Ra2 59. Rf1 Ra8 60. Rg1 Rb8 61. Rg2 Rb4 62. Ke3 f5 63. exf5 Rh4 64. f6+ Kxf6 65. Rf2+ Ke7 66. Rf3 Rd4 67. Be4 Rxe4+ 68. Kxe4 c2 69. Rf1 Bb2 0-1

[Event "Paris-ch op"]
[Site "Paris"]
[Date "2000.07.19"]
[Round "5"]
[White "Delebarre, Xavier"]
[Black "Shchekachev, Andrei"]
[Result "0-1"]
[WhiteElo "2264"]
[BlackElo "2503"]
[PlyCount "84"]
[EventDate "2000.07.15"]
[EventType "swiss"]
[EventRounds "9"]
[EventCountry "FRA"]
[SourceTitle "EXT 2001"]
[Source "ChessBase"]
[SourceDate "2000.11.22"]
[SourceVersion "1"]
[SourceVersionDate "2000.11.22"]
[SourceQuality "1"]

1. h3 e5 2. e4 Nf6 3. Nc3 Bc5 4. Nf3 d6 5. d3 c6 6. Na4 Bb4+ 7. c3 Ba5 8. b4 Bc7 9. c4 Nbd7 10. Bb2 d5 11. Nc3 d4 12. Ne2 a5 13. a3 Qe7 14. c5 0-0 15. Ng3 g6 16. Be2 b6 17. cxb6 Nxb6 18. bxa5 Rxa5 19. a4 Qb4+ 20. Qd2 Qxd2+ 21. Nxd2 Rxa4 22. 0-0 c5 23. Ba3 Bd6 24. Rfb1 Nfd7 25. Bg4 Re8 26. Bxd7 Nxd7 27. Nc4 Bf8 28. Bc1 Rb4 29. Rb2 Bb7 30. Rba2 Bc6 31. Nf1 Bxe4 32. Nxe5 Rxe5 33. dxe4 Rxe4 34. Ra7 Nf6 35. Bg5 Ne8 36. Nd2 Re6 37. Rd7 h6 38. Bf4 g5 39. Bg3 Nf6 40. Rd8 Kg7 41. Nf3 Be7 42. Rc8 Ne4 0-1

[Event "Paris-ch op"]
[Site "Paris"]
[Date "2000.07.15"]
[Round "1"]
[White "Bourhaleb, Mouneim"]
[Black "Delebarre, Xavier"]
[Result "0-1"]
[WhiteElo "2106"]
[BlackElo "2264"]
[PlyCount "102"]
[EventDate "2000.07.15"]
[EventType "swiss"]
[EventRounds "9"]
[EventCountry "FRA"]
[SourceTitle "EXT 2001"]
[Source "ChessBase"]
[SourceDate "2000.11.22"]
[SourceVersion "1"]
[SourceVersionDate "2000.11.22"]
[SourceQuality "1"]

1. d4 c5 2. d5 d6 3. c4 g6 4. Nc3 Bg7 5. e4 Nf6 6. f3 0-0 7. Be3 e6 8. Qd2 exd5 9. cxd5 a6 10. 0-0-0 Re8 11. h4 h5 12. Bh6 Bh8 13. Bg5 b5 14. Nh3 Bxh3 15. Rxh3 Nbd7 16. Kb1 Qe7 17. Rc1 Qf8 18. Bh6 Bg7 19. Bxg7 Qxg7 20. Be2 Rab8 21. Qf4 Re5 22. Qd2 c4 23. Nd1 Nc5 24. Ka1 Kh7 25. Rh1 Qh6 26. Qxh6+ Kxh6 27. Rc2 Rbe8 28. Bf1 Nfd7 29. Kb1 f5 30. exf5 Rxd5 31. Nf2 Rxf5 32. Be2 Rfe5 33. Bd1 d5 34. g4 d4 35. f4 Re1 36. Rxe1 Rxe1 37. Re2 Rf1 38. Re7 Rxd1+ 39. Nxd1 hxg4 40. Nf2 Nf6 41. Kc1 g3 42. Nh3 Nd3+ 43. Kd2 g2 44. Ng1 Nxf4 45. Re1 N6d5 46. a4 b4 47. Re4 c3+ 48. bxc3 bxc3+ 49. Kd1 d3 50. Rd4 c2+ 51. Kd2 Ne2 0-1

[Event "FRA-chT 9900"]
[Site "France"]
[Date "2000.04.29"]
[Round "8.7"]
[White "Daurelle, Herve"]
[Black "Delebarre, Xavier"]
[Result "0-1"]
[WhiteElo "2211"]
[BlackElo "2279"]
[PlyCount "74"]
[EventDate "1999.02.04"]
[EventType "team"]
[EventRounds "11"]
[EventCountry "FRA"]
[SourceTitle "EXT 2001"]
[Source "ChessBase"]
[SourceDate "2000.11.22"]
[SourceVersion "1"]
[SourceVersionDate "2000.11.22"]
[SourceQuality "1"]

1. e4 c5 2. Nf3 g6 3. d4 Bg7 4. Nc3 cxd4 5. Nxd4 Nc6 6. Be3 Nf6 7. Bc4 Qa5 8. 0-0 0-0 9. Nb3 Qc7 10. f4 d6 11. Be2 a6 12. Bf3 e6 13. Rf2 b6 14. Rd2 Rd8 15. Kh1 Rb8 16. Qg1 Nd7 17. Rad1 Nc5 18. e5 d5 19. Nxc5 bxc5 20. Bxc5 Qa5 21. Nxd5 exd5 22. Bxd5 Rxb2 23. Bd6 Bb7 24. Bxc6 Bxc6 25. Qd4 Qxa2 26. Qc3 Rc8 27. Ba3 Rb1 28. Qd3 Rxd1+ 29. Rxd1 Bf8 30. Bxf8 Rxf8 31. f5 Qa4 32. e6 Qg4 33. Rd2 fxe6 34. fxg6 hxg6 35. Qxa6 Qe4 36. Qa1 Bb5 37. Rd1 Qxc2 0-1

[Event "FRA-chT 9900"]
[Site "France"]
[Date "2000.04.01"]
[Round "6.8"]
[White "Vilaisarn, Akkhavanh"]
[Black "Delebarre, Xavier"]
[Result "1/2-1/2"]
[WhiteElo "2076"]
[BlackElo "2279"]
[PlyCount "57"]
[EventDate "1999.02.04"]
[EventType "team"]
[EventRounds "11"]
[EventCountry "FRA"]
[SourceTitle "EXT 2001"]
[Source "ChessBase"]
[SourceDate "2000.11.22"]
[SourceVersion "1"]
[SourceVersionDate "2000.11.22"]
[SourceQuality "1"]

1. Nf3 c5 2. g3 Nc6 3. Bg2 g6 4. 0-0 Bg7 5. d3 d6 6. e4 e5 7. Nbd2 Nge7 8. a4 0-0 9. Nc4 f6 10. c3 Be6 11. Ne3 d5 12. exd5 Nxd5 13. Nxd5 Bxd5 14. Be3 b6 15. c4 Bxf3 16. Qxf3 Rc8 17. Qd5+ Kh8 18. Qxd8 Rfxd8 19. Bxc6 Rxc6 20. a5 h5 21. axb6 axb6 22. Ra3 Rcd6 23. Rb3 Ra8 24. Rb5 Rc6 25. b4 Bf8 26. bxc5 Bxc5 27. Bxc5 bxc5 28. Rfb1 Rac8 29. Rb8 1/2-1/2

[Event "Cappelle op 16th"]
[Site "Cappelle la Grande"]
[Date "2000.02.25"]
[Round "8"]
[White "Tidman, Sophie E"]
[Black "Delebarre, Xavier"]
[Result "1-0"]
[WhiteElo "2072"]
[BlackElo "2279"]
[PlyCount "35"]
[EventDate "2000.02.19"]
[EventType "swiss"]
[EventRounds "9"]
[EventCountry "FRA"]
[SourceTitle "CBM 074 Extra"]
[Source "ChessBase"]
[SourceDate "2000.03.10"]
[SourceVersion "2"]
[SourceVersionDate "2000.03.10"]
[SourceQuality "1"]

1. e4 c5 2. Nf3 g6 3. d4 Bg7 4. dxc5 Qa5+ 5. Nc3 Bxc3+ 6. bxc3 Qxc3+ 7. Bd2 Qxc5 8. Bd3 d6 9. 0-0 h6 10. Rb1 Qc7 11. Nd4 Nc6 12. Nb5 Qb8 13. Bc3 e5 14. Bc4 Ke7 15. f4 Be6 16. Bxe6 fxe6 17. fxe5 dxe5 18. Nd6 1-0

[Event "FRA-chT"]
[Site "France"]
[Date "1999.??.??"]
[Round "4"]
[White "Adrian, Claude"]
[Black "Delebarre, Xavier"]
[Result "0-1"]
[WhiteElo "2294"]
[BlackElo "2261"]
[PlyCount "126"]
[EventDate "1999.02.??"]
[EventType "team"]
[EventRounds "11"]
[EventCountry "FRA"]
[SourceTitle "EXT 2000"]
[Source "ChessBase"]
[SourceDate "1999.11.16"]
[SourceVersion "1"]
[SourceVersionDate "1999.11.16"]
[SourceQuality "1"]

1. Nf3 c5 2. c4 Nc6 3. d4 cxd4 4. Nxd4 g6 5. g3 Bg7 6. Nc2 d6 7. Bg2 Be6 8. Ne3 Qd7 9. 0-0 Bh3 10. Nd5 Bxg2 11. Kxg2 e6 12. Nf4 Nge7 13. Nc3 Bxc3 14. bxc3 Ne5 15. e4 Rc8 16. Nd3 Nxc4 17. Bh6 f5 18. f3 Kf7 19. Qe2 Rhe8 20. Rad1 Qc7 21. Rfe1 Ng8 22. Bf4 h6 23. h4 a5 24. Rb1 Re7 25. Rb5 fxe4 26. fxe4 e5 27. Bc1 Kg7 28. Rf1 Qc6 29. Rd5 Rcc7 30. h5 g5 31. Qg4 Qd7 32. Rf5 Nf6 33. Rxg5+ Kh7 34. Qxd7 Rexd7 35. Rg6 Nxd5 36. exd5 Nb6 37. Nxe5 dxe5 38. Rxh6+ Kg8 39. Rxb6 Rxc3 40. Bg5 Rd3 41. Kh3 R3xd5 42. g4 e4 43. Kh4 Re5 44. Bf4 Re8 45. Rb2 e3 46. Re2 Rd2 47. Rxd2 exd2 48. Bxd2 Re2 49. Bxa5 Rxa2 50. Bc7 Rc2 51. Be5 b5 52. g5 Rc4+ 53. Kg3 b4 54. g6 Rc5 55. Bd6 Rg5+ 56. Kh4 Rd5 57. Be7 Kg7 58. Kg4 b3 59. Ba3 Rd2 60. Bc1 Rc2 61. Be3 Rc4+ 62. Kg5 b2 63. h6+ Kh8 0-1

[Event "FRA-chT"]
[Site "France"]
[Date "1999.??.??"]
[Round "5"]
[White "Delebarre, Xavier"]
[Black "Bellon Lopez, Juan Manuel"]
[Result "1/2-1/2"]
[WhiteElo "2261"]
[BlackElo "2447"]
[PlyCount "91"]
[EventDate "1999.02.??"]
[EventType "team"]
[EventRounds "11"]
[EventCountry "FRA"]
[SourceTitle "EXT 2000"]
[Source "ChessBase"]
[SourceDate "1999.11.16"]
[SourceVersion "1"]
[SourceVersionDate "1999.11.16"]
[SourceQuality "1"]

1. h3 d5 2. d4 c5 3. e4 dxe4 4. dxc5 Qxd1+ 5. Kxd1 Nc6 6. Nc3 f5 7. f3 Nf6 8. fxe4 fxe4 9. Be3 e6 10. a3 Nd5 11. Nxd5 exd5 12. Bb5 Be7 13. Ne2 0-0 14. Bxc6 bxc6 15. b4 a5 16. Kd2 Bf6 17. c3 Ba6 18. Nd4 Bxd4 19. Bxd4 Bc4 20. Ke3 Rf7 21. Rhb1 a4 22. Rb2 Raf8 23. Rg1 Rf1 24. Rxf1 Rxf1 25. Be5 Bb5 26. Ra2 Re1+ 27. Kf2 Rb1 28. Ke3 h6 29. h4 Bc4 30. Rd2 Ra1 31. Rb2 Rxa3 32. b5 Rb3 33. Rxb3 axb3 34. b6 Ba6 35. c4 Bb7 36. cxd5 cxd5 37. Bd4 Kf7 38. Kd2 g6 39. Kc3 Ke6 40. g4 Kd7 41. Kxb3 Kc6 42. Kb4 g5 43. hxg5 hxg5 44. Be3 Bc8 45. Bxg5 Bxg4 46. Be3 1/2-1/2

[Event "FRA-chT"]
[Site "France"]
[Date "1999.??.??"]
[Round "9"]
[White "Kovarcik, Thomas"]
[Black "Delebarre, Xavier"]
[Result "0-1"]
[WhiteElo "2181"]
[BlackElo "2261"]
[PlyCount "76"]
[EventDate "1999.02.??"]
[EventType "team"]
[EventRounds "11"]
[EventCountry "FRA"]
[SourceTitle "EXT 2000"]
[Source "ChessBase"]
[SourceDate "1999.11.16"]
[SourceVersion "1"]
[SourceVersionDate "1999.11.16"]
[SourceQuality "1"]

1. e4 c5 2. Nc3 Nc6 3. f4 g6 4. Nf3 Bg7 5. Bb5 Nd4 6. 0-0 Nxb5 7. Nxb5 Nf6 8. e5 Nd5 9. d4 Nc7 10. Nc3 cxd4 11. Qxd4 d5 12. Rd1 Bg4 13. Qf2 0-0 14. h3 Bxf3 15. Qxf3 e6 16. Be3 Qe7 17. g4 b6 18. Qg3 Rac8 19. a4 f6 20. Bd4 fxe5 21. fxe5 Na6 22. a5 Nb4 23. axb6 axb6 24. Rd2 Rc4 25. Bxb6 Qb7 26. Bf2 d4 27. Ne4 Qxe4 28. Qb3 Rfc8 29. Rxd4 Qxc2 30. Rxc4 Qxc4 31. Qxc4 Rxc4 32. Ra8+ Bf8 33. Be3 Kf7 34. Ra7+ Be7 35. b3 Rc8 36. Bg5 Nd5 37. Bxe7 Nxe7 38. b4 Rb8 0-1

[Event "FRA-chT"]
[Site "France"]
[Date "1999.??.??"]
[Round "6"]
[White "Mensch, Etienne"]
[Black "Delebarre, Xavier"]
[Result "1/2-1/2"]
[WhiteElo "2249"]
[BlackElo "2261"]
[PlyCount "52"]
[EventDate "1999.02.??"]
[EventType "team"]
[EventRounds "11"]
[EventCountry "FRA"]
[SourceTitle "EXT 2000"]
[Source "ChessBase"]
[SourceDate "1999.11.16"]
[SourceVersion "1"]
[SourceVersionDate "1999.11.16"]
[SourceQuality "1"]

1. Nf3 c5 2. g3 g6 3. Bg2 Bg7 4. c4 d6 5. Nc3 e5 6. 0-0 Ne7 7. Ne1 Nbc6 8. Nc2 0-0 9. Ne3 Be6 10. Ned5 Qd7 11. d3 f6 12. a3 Bh3 13. b4 Bxg2 14. Kxg2 Nxd5 15. Nxd5 b6 16. Rb1 Ne7 17. Nxe7+ Qxe7 18. bxc5 dxc5 19. Qc2 Rae8 20. a4 e4 21. a5 exd3 22. Qxd3 Qxe2 23. Qxe2 Rxe2 24. axb6 axb6 25. Rxb6 f5 26. Be3 Bd4 1/2-1/2

[Event "FRA-chT"]
[Site "France"]
[Date "1999.??.??"]
[Round "2"]
[White "Sorin, Maxime"]
[Black "Delebarre, Xavier"]
[Result "1-0"]
[WhiteElo "2208"]
[BlackElo "2261"]
[PlyCount "57"]
[EventDate "1999.02.??"]
[EventType "team"]
[EventRounds "11"]
[EventCountry "FRA"]
[SourceTitle "EXT 2000"]
[Source "ChessBase"]
[SourceDate "1999.11.16"]
[SourceVersion "1"]
[SourceVersionDate "1999.11.16"]
[SourceQuality "1"]

1. e4 c5 2. Nf3 g6 3. d4 Bg7 4. c3 cxd4 5. cxd4 d5 6. exd5 Nf6 7. Bb5+ Nbd7 8. Nc3 0-0 9. Bg5 Nb6 10. Bxf6 exf6 11. 0-0 Qd6 12. Qb3 a6 13. Bd3 f5 14. Rfe1 Rd8 15. Ne5 Bd7 16. Rad1 Be8 17. Re2 Rab8 18. a4 f6 19. Nxg6 hxg6 20. Re6 Qd7 21. Rxb6 Bf7 22. Bxa6 Qc7 23. Bd3 Bf8 24. a5 Qf4 25. Bf1 Ra8 26. Rxb7 Rxa5 27. Qb6 Raxd5 28. Nxd5 Rxd5 29. Qxf6 1-0

[Event "FRA-chT"]
[Site "France"]
[Date "1998.02.08"]
[Round "3"]
[White "Delebarre, Xavier"]
[Black "Miralles, Gilles"]
[Result "0-1"]
[WhiteElo "2270"]
[BlackElo "2520"]
[PlyCount "42"]
[EventDate "1998.02.06"]
[EventType "team"]
[EventRounds "11"]
[EventCountry "FRA"]
[SourceTitle "CBM 064 Extra"]
[Source "ChessBase"]
[SourceDate "1998.07.07"]
[SourceVersion "1"]
[SourceVersionDate "1998.07.07"]
[SourceQuality "1"]

1. h3 e5 2. e4 Nf6 3. Nc3 Bb4 4. Qf3 0-0 5. Nge2 d5 6. Nxd5 Nxd5 7. exd5 c6 8. c3 Ba5 9. d4 cxd5 10. dxe5 d4 11. b4 Bb6 12. Bb2 Nc6 13. Nxd4 Nxe5 14. Qe4 Nc6 15. 0-0-0 Bxd4 16. cxd4 Re8 17. Qf4 Qd5 18. Qf3 Qg5+ 19. Kb1 Bf5+ 20. Bd3 Bxd3+ 21. Qxd3 Nxb4 0-1

[Event "FRA-chT"]
[Site "France"]
[Date "1996.??.??"]
[Round "?"]
[White "Delebarre, Xavier"]
[Black "Chabanon, Jean Luc"]
[Result "0-1"]
[WhiteElo "2260"]
[BlackElo "2435"]
[PlyCount "48"]
[EventDate "1996.??.??"]
[EventType "team"]
[EventRounds "11"]
[EventCountry "FRA"]
[SourceTitle "CBM 055 Extra"]
[Source "ChessBase"]
[SourceDate "1997.01.01"]
[SourceVersion "1"]
[SourceVersionDate "1997.01.01"]
[SourceQuality "1"]

1. h3 d5 2. c4 e6 3. g4 h5 4. gxh5 dxc4 5. Bg2 Rxh5 6. a4 Nc6 7. Na3 Na5 8. Qc2 Rc5 9. Nf3 Bd7 10. 0-0 Bc6 11. d4 cxd3 12. Qxd3 Qxd3 13. exd3 Nb3 14. Rb1 Nxc1 15. Rfxc1 Rxc1+ 16. Rxc1 Bxa3 17. bxa3 0-0-0 18. Ne1 Bxa4 19. Rc4 Be8 20. a4 Ne7 21. d4 Nd5 22. a5 a6 23. h4 Bb5 24. Rc5 Nf4 0-1

[Event "FRA-chT"]
[Site "France"]
[Date "1996.??.??"]
[Round "?"]
[White "Laruelle, Joel"]
[Black "Delebarre, Xavier"]
[Result "0-1"]
[WhiteElo "2085"]
[BlackElo "2260"]
[PlyCount "66"]
[EventDate "1996.??.??"]
[EventType "team"]
[EventRounds "11"]
[EventCountry "FRA"]
[SourceTitle "CBM 055 Extra"]
[Source "ChessBase"]
[SourceDate "1997.01.01"]
[SourceVersion "1"]
[SourceVersionDate "1997.01.01"]
[SourceQuality "1"]

1. d4 c5 2. d5 d6 3. e4 g6 4. Bb5+ Bd7 5. Bxd7+ Nxd7 6. a4 Bg7 7. Nf3 Qc7 8. Na3 Ngf6 9. Nd2 0-0 10. 0-0 a6 11. Qe2 e6 12. dxe6 fxe6 13. e5 Nxe5 14. f4 Nf7 15. Qxe6 d5 16. Nf3 Rae8 17. Qh3 Re2 18. f5 Rfe8 19. Ng5 Nxg5 20. Bxg5 Qe5 21. Bxf6 Bxf6 22. fxg6 hxg6 23. Rad1 Kg7 24. Qd7+ Re7 25. Qh3 Re3 26. Qc8 Qxb2 27. Qxc5 Qxa3 28. Qxd5 Qxa4 29. Qd6 R3e6 30. Qb8 Qxc2 31. Rd8 Qc5+ 32. Kh1 Re1 33. Rg8+ Kh7 0-1

[Event "FRA-chT"]
[Site "France"]
[Date "1994.??.??"]
[Round "3"]
[White "Collin, Denis"]
[Black "Delebarre, Xavier"]
[Result "0-1"]
[WhiteElo "2285"]
[BlackElo "2270"]
[PlyCount "35"]
[EventDate "1994.??.??"]
[EventType "team"]
[EventRounds "11"]
[EventCountry "FRA"]
[SourceTitle "EXT 1999"]
[Source "ChessBase"]
[SourceDate "1998.11.16"]
[SourceVersion "1"]
[SourceVersionDate "1998.11.16"]
[SourceQuality "1"]

1. d4 Nf6 2. Nf3 g6 3. c4 Bg7 4. g3 0-0 5. Bg2 c6 6. Nc3 d5 7. cxd5 cxd5 8. Ne5 Nc6 9. 0-0 Bf5 10. Nxc6 bxc6 11. Na4 Re8 12. Bf4 Nd7 13. Rc1 Rc8 14. Qd2 Nb6 15. Nc5 Nc4 16. Qc3 e5 17. dxe5 Nxe5 18. b3 0-1

[Event "Paris-ch op"]
[Site "Paris"]
[Date "1993.??.??"]
[Round "7"]
[White "Mothes, Herve Alexandre"]
[Black "Delebarre, Xavier"]
[Result "0-1"]
[WhiteElo "2215"]
[BlackElo "2270"]
[PlyCount "102"]
[EventDate "1993.04.??"]
[EventType "swiss"]
[EventRounds "9"]
[EventCountry "FRA"]
[SourceTitle "TD"]
[Source "ChessBase"]
[SourceDate "1994.03.01"]
[SourceVersion "1"]
[SourceVersionDate "1994.03.01"]
[SourceQuality "1"]

1. c4 c5 2. Nc3 Nc6 3. g3 g6 4. Bg2 Bg7 5. d3 e6 6. e4 Nge7 7. Bg5 h6 8. Be3 d6 9. Qd2 a6 10. Nge2 Nd4 11. 0-0 Rb8 12. Rab1 Nec6 13. a3 a5 14. a4 Bd7 15. Kh1 Nxe2 16. Nxe2 Qb6 17. b3 Qb4 18. Rfd1 Qxd2 19. Bxd2 b6 20. f4 f5 21. Be3 e5 22. fxe5 dxe5 23. Nc3 f4 24. Bf2 g5 25. Nd5 Bg4 26. Rd2 f3 27. Bf1 Bd7 28. Be3 g4 29. h4 Be6 30. Kg1 Bxd5 31. cxd5 Nd4 32. Rh2 h5 33. Ra2 Kd7 34. Bg5 Kd6 35. Kf2 Bh6 36. Bxh6 Rxh6 37. Ke3 b5 38. Rab2 Rh7 39. Ra2 Rhb7 40. Rbb2 bxa4 41. Rxa4 Nxb3 42. Kf2 Rb4 43. Ra3 a4 44. Ke3 Nd4 45. Rba2 Ra8 46. Kf2 Nb5 47. d4 exd4 48. Bxb5 Rxb5 49. Rxa4 Rxa4 50. Rxa4 Rb2+ 51. Kf1 d3 0-1